000 01119nam0a22002411 4500
001 v19\rc\2008757
005 20260406195717.0
035 _a(NLR Aleph) 005090846
090 _a7295475
_c7295475
100 _a20080925d1897 |||y0rusy50 ca
101 0 _arus
102 _aRU
105 _aa z |||||
200 1 _aРуководство к швейным машинам "V. S. № 2 и 3" (с качающимся челноком) [для домашнего и ремесленного употребления]
_fМануфактурная компания Зингер
210 _aРига
_dценз. 1897
215 _a24 с.
_cил.
532 1 1 _aРуководство к швейным машинам V. S. номер два и три с качающимся челноком [для домашнего и ремесленного употребления]
710 0 2 _a"Зингер К", акционерное общество
_cПетербург
_3RU\NLR\AUTH\889959103
_9414381
801 0 _aRU
_bNLR
_gpsbo
801 1 _aRU
_bProSoft-M
_2rusmarc
852 _aNLR
_j18.291.4.120
942 _cBOOK
980 _aNB